000 00258nam a2200109Ia 4500
008 220204s9999 xx 000 0 und d
082 _a82-3
_bHIG
100 _aHiggins, Jack
245 2 _aA Fine night for dying
260 _aLondon
_bArrow
_c1978
942 _cBK
999 _c33997
_d33997